| 000 | | | 05797cfc2a2200000#x 450 |
| 001 | | | 567a08cc-2285-48bf-919a-88e59c553e43 |
| 005 | | | 20210813163045.0 |
| 100 | ## | $a | 20150121l17961830k l0rusy0189 ca |
| 101 | 0# | $a | rus |
| 102 | ## | $a | RU |
| 200 | 1# | $a | Академия наук в городе Петербурге. Главное здание. Планы этажей. Архитектор Д. Филиппов |
| | $j | До 1830 г. |
| 251 | ## | $c | Дело |
| 801 | #0 | $a | RU |
| | $b | РГИА |
| | $c | 20150121 |
| 801 | #1 | $a | RU |
| | $b | ГлавНИВЦ |
| | $c | 20150121 |
| | $2 | rusmarc |
| 801 | #2 | $a | RU |
| | $b | ПБ им. Б.Н. Ельцина |
| | $c | 20151223 |
| | $2 | rusmarc |
| 850 | ## | $a | Федеральное казенное учреждение "Российский государственный исторический архив" |
| 852 | ## | $a | РГИА |
| | $j | 549 |
| 937 | ## | $h | РГИА |
| | $d | 12096015 |
| | $a | ASBIBLIO_SCAN |
| 462 | #0 | $1 | 001ee86b81b-e960-47ea-b306-d2b6228ebbd9 |
| | $1 | 2001 |
| | $a | 1796-1888 гг. |
| | $v | Д. 549 |
| | $1 | 251 |
| | $c | Опись |
| | $1 | 852 |
| | $j | 96 |
| 461 | #0 | $1 | 001a74412a3-3cc5-4d21-8f0a-dfe2fbd9e72d |
| | $1 | 2001 |
| | $a | Департамент народного просвещения Министерства народного просвещения |
| | $1 | 251 |
| | $c | Фонд |
| | $1 | 852 |
| | $j | 733 |
| 215 | ## | $a | 1 лист |
| | $c | план. |
| | $d | 11x12 см |
| 105 | ## | $a | е### |
| 122 | 2# | $a | d1796###### |
| | $a | d1830###### |
| 035 | ## | $a | 567a08cc-2285-48bf-919a-88e59c553e43 |
| 120 | ## | $a | byy |
| 121 | ## | $a | a aaaaaa |
| 123 | 1# | $a | a |
| 124 | ## | $a | a |
| | $b | j |
| 206 | ## | $b | В одном английском дюйме 10 саженей |
| 300 | ## | $a | Бумага. Тушь, карандаш, акварель |
| 300 | ## | $a | Оригинальный заголовок дела: Планы главного дома Императорской Академии наук. Верхние этажи. Средние этажи. Нижние этажи |
| 300 | ## | $a | Заголовок дела на папке: Планы главного дома Академии наук |
| 517 | 1# | $a | Планы главного дома Императорской Академии наук. Верхние этажи. Средние этажи. Нижние этажи |
| 517 | 1# | $a | Планы главного дома Академии наук |
| 686 | ## | $a | 72.471.1(2Рос)г.ю11 |
| | $2 | rubbk |
| | $v | LBC/M |
| 605 | ## | $2 | acquisition_Prlib |
| | $3 | DITM\AF\0000003834 |
| | $a | Народ |
| | $l | коллекция |
| 605 | ## | $2 | acquisition_Prlib |
| | $3 | LIBNET\UAF\0000096071 |
| | $a | Академия наук и становление российской науки |
| | $l | коллекция |
| 601 | 02 | $a | Академия наук |
| | $c | Санкт-Петербург, город |
| | $x | Планировка и строительство |
| | $j | Документы и материалы |
| | $2 | prlib_sh |
| | $3 | LIBNET\UAF\0000096558 |
| 601 | 02 | $a | Академия наук |
| | $c | Санкт-Петербург, город |
| | $x | Здание |
| | $x | История |
| | $j | Документы и материалы |
| | $2 | prlib_sh |
| | $3 | LIBNET\UAF\0000096559 |